[Event "WCO 2016"]
[Site "?"]
[Date "2016.09.11"]
[Round "9"]
[Board "14"]
[WhiteID "2257327"]
[White "Salgado Lopez Ivan"]
[BlackID "13601270"]
[Black "Shengelia David"]
[Result "1/2-1/2"]
[BlackElo "2573"]
[WhiteElo "2662"]
[LiveChessVersion "1.4.8"]

1. e4 {[%clk 1:30:56]} c5 {[%clk 1:30:54]} 2. Nf3 {[%clk 1:31:09]} e6
{[%clk 1:31:10]} 3. d4 {[%clk 1:31:21]} cxd4 {[%clk 1:31:23]} 4. Nxd4
{[%clk 1:31:45]} Nc6 {[%clk 1:31:39]} 5. Nb5 {[%clk 1:31:59]} d6 {[%clk 1:31:07]}
6. c4 {[%clk 1:32:19]} Nf6 {[%clk 1:31:06]} 7. N1c3 {[%clk 1:32:38]} a6
{[%clk 1:31:14]} 8. Na3 {[%clk 1:33:01]} Be7 {[%clk 1:31:17]} 9. Be2
{[%clk 1:33:20]} O-O {[%clk 1:31:32]} 10. O-O {[%clk 1:33:41]} b6
{[%clk 1:31:30]} 11. Be3 {[%clk 1:34:00]} Bb7 {[%clk 1:31:35]} 12. Qb3
{[%clk 1:34:20]} Nd7 {[%clk 1:31:55]} 13. Rad1 {[%clk 1:34:43]} Nc5
{[%clk 1:22:25]} 14. Qc2 {[%clk 1:35:01]} Qc7 {[%clk 1:18:24]} 15. Qd2
{[%clk 1:32:05]} Rfd8 {[%clk 1:14:25]} 16. Nc2 {[%clk 1:30:44]} Rab8
{[%clk 1:06:59]} 17. f3 {[%clk 1:29:58]} Ba8 {[%clk 1:03:43]} 18. Rc1
{[%clk 1:28:20]} Bf6 {[%clk 0:58:22]} 19. Rfd1 {[%clk 1:26:42]} Qe7
{[%clk 0:46:11]} 20. b3 {[%clk 1:21:33]} h6 {[%clk 0:45:22]} 21. Bf1
{[%clk 1:21:08]} a5 {[%clk 0:33:16]} 22. Re1 {[%clk 1:16:39]} Be5
{[%clk 0:28:40]} 23. Nb5 {[%clk 1:08:46]} Na7 {[%clk 0:26:00]} 24. Nxa7
{[%clk 1:04:29]} Qxa7 {[%clk 0:26:27]} 25. Rcd1 {[%clk 1:02:12]} Qc7
{[%clk 0:23:59]} 26. Bd4 {[%clk 1:01:52]} Qe7 {[%clk 0:12:56]} 27. Qf2
{[%clk 0:58:50]} Qf6 {[%clk 0:12:47]} 28. Rd2 {[%clk 0:56:08]} Qf4
{[%clk 0:10:02]} 29. Bxe5 {[%clk 0:53:54]} dxe5 {[%clk 0:09:09]} 30. Red1
{[%clk 0:50:17]} Qg5 {[%clk 0:09:29]} 31. Qe3 {[%clk 0:46:16]} Qxe3+
{[%clk 0:08:37]} 32. Nxe3 {[%clk 0:46:38]} Rxd2 {[%clk 0:09:05]} 33. Rxd2
{[%clk 0:46:57]} Kf8 {[%clk 0:09:26]} 34. Be2 {[%clk 0:43:32]} Ke7
{[%clk 0:09:31]} 35. Bd1 {[%clk 0:43:16]} Bc6 {[%clk 0:06:40]} 36. Bc2
{[%clk 0:43:24]} b5 {[%clk 0:04:24]} 37. cxb5 {[%clk 0:43:23]} Bxb5
{[%clk 0:04:46]} 38. Bd1 {[%clk 0:40:17]} Bd3 {[%clk 0:03:32]} 39. Be2
{[%clk 0:37:22]} Bxe2 {[%clk 0:02:53]} 40. Rxe2 {[%clk 1:07:46]} a4
{[%clk 0:32:50]} 41. bxa4 {[%clk 1:07:59]} Nxa4 {[%clk 0:19:56]} 42. Rc2
{[%clk 1:07:44]} Rb7 {[%clk 0:20:06]} 43. Kf2 {[%clk 1:06:46]} h5
{[%clk 0:18:33]} 44. Ke2 {[%clk 1:06:27]} g6 {[%clk 0:18:25]} 45. Nc4
{[%clk 1:05:56]} Rc7 {[%clk 0:15:43]} 46. Kd2 {[%clk 1:04:57]} f6
{[%clk 0:15:58]} 47. Nb2 {[%clk 1:03:49]} Ra7 {[%clk 0:14:16]} 48. Nxa4
{[%clk 1:03:12]} Rxa4 {[%clk 0:14:39]} 49. Kc3 {[%clk 1:02:49]} Ra7
{[%clk 0:11:22]} 50. Kb2 {[%clk 1:02:32]} Rb7+ {[%clk 0:10:45]} 51. Kc1
{[%clk 1:01:57]} Ra7 {[%clk 0:11:02]} 52. Kb1 {[%clk 1:02:12]} f5
{[%clk 0:07:42]} 53. Rc4 {[%clk 1:02:06]} g5 {[%clk 0:07:54]} 54. a4
{[%clk 1:00:02]} g4 {[%clk 0:08:10]} 55. h4 {[%clk 0:58:32]} gxh3
{[%clk 0:06:50]} 56. gxh3 {[%clk 0:58:54]} Kd6 {[%clk 0:05:22]} 57. Kb2
{[%clk 0:57:16]} Rg7 {[%clk 0:05:17]} 58. h4 {[%clk 0:52:06]} Rg3
{[%clk 0:05:05]} 59. a5 {[%clk 0:52:12]} Rxf3 {[%clk 0:05:14]} 60. a6
{[%clk 0:52:19]} fxe4 {[%clk 0:03:32]} 61. a7 {[%clk 0:51:34]} Rf8
{[%clk 0:03:58]} 62. Ra4 {[%clk 0:46:11]} Ra8 {[%clk 0:04:25]} 63. Kc2
{[%clk 0:46:17]} Kc5 {[%clk 0:03:48]} 64. Kd2 {[%clk 0:45:21]} Kb5
{[%clk 0:03:36]} 65. Ra1 {[%clk 0:44:45]} Kb6 {[%clk 0:03:54]} 66. Ke3
{[%clk 0:44:59]} Rxa7 {[%clk 0:04:12]} 67. Rxa7 {[%clk 0:45:22]} Kxa7
{[%clk 0:04:40]} 68. Kxe4 {[%clk 0:45:47]} Kb6 {[%clk 0:05:00]} 69. Kxe5
{[%clk 0:46:11]} Kc7 {[%clk 0:05:23]} 70. Kxe6 {[%clk 0:46:37]} Kd8
{[%clk 0:05:46]} 71. Kf7 1/2-1/2

[Event "WCO 2016"]
[Site "?"]
[Date "2016.09.11"]
[Round "9"]
[Board "15"]
[WhiteID "1613880"]
[White "Kreisl Robert"]
[BlackID "2285525"]
[Black "Anton Guijarro David"]
[Result "1/2-1/2"]
[BlackElo "2630"]
[WhiteElo "2448"]
[LiveChessVersion "1.4.8"]

1. Nf3 {[%clk 1:30:57]} Nf6 {[%clk 1:30:01]} 2. c4 {[%clk 1:31:20]} b6
{[%clk 1:29:59]} 3. g3 {[%clk 1:31:32]} Bb7 {[%clk 1:30:11]} 4. Bg2
{[%clk 1:31:56]} e6 {[%clk 1:30:01]} 5. O-O {[%clk 1:31:39]} Be7 {[%clk 1:30:23]}
6. Nc3 {[%clk 1:29:12]} O-O {[%clk 1:30:31]} 7. Re1 {[%clk 1:27:00]} d5
{[%clk 1:29:47]} 8. cxd5 {[%clk 1:26:42]} exd5 {[%clk 1:30:05]} 9. d4
{[%clk 1:26:46]} Nbd7 {[%clk 1:30:10]} 10. Bf4 {[%clk 1:25:06]} c5
{[%clk 1:29:23]} 11. dxc5 {[%clk 1:23:37]} Nxc5 {[%clk 1:29:40]} 12. Be5
{[%clk 1:21:38]} Nfe4 {[%clk 1:29:04]} 13. Rc1 {[%clk 1:13:07]} Re8
{[%clk 1:28:21]} 14. a3 {[%clk 0:59:37]} a5 {[%clk 1:27:48]} 15. Nb5
{[%clk 0:50:31]} Bf8 {[%clk 1:19:08]} 16. Bf4 {[%clk 0:41:13]} g5
{[%clk 1:10:53]} 17. Be3 {[%clk 0:38:47]} a4 {[%clk 1:09:47]} 18. Nc3
{[%clk 0:33:33]} h6 {[%clk 1:05:09]} 19. Nd4 {[%clk 0:30:18]} Qd7
{[%clk 0:58:29]} 20. Ndb5 {[%clk 0:23:57]} Red8 {[%clk 0:55:30]} 21. Nxe4
{[%clk 0:23:13]} dxe4 {[%clk 0:54:42]} 22. Qxd7 {[%clk 0:23:21]} Rxd7
{[%clk 0:55:04]} 23. Nc3 {[%clk 0:22:21]} f5 {[%clk 0:51:38]} 24. g4
{[%clk 0:16:51]} fxg4 {[%clk 0:50:00]} 25. Bxc5 {[%clk 0:17:00]} Bxc5
{[%clk 0:46:29]} 26. Nxe4 {[%clk 0:17:01]} Bxe4 {[%clk 0:43:15]} 27. Bxe4
{[%clk 0:17:29]} Rad8 {[%clk 0:43:11]} 28. Rc2 {[%clk 0:14:16]} Rd1
{[%clk 0:37:39]} 29. Rxd1 {[%clk 0:14:21]} Rxd1+ {[%clk 0:38:04]} 30. Kg2
{[%clk 0:14:49]} h5 {[%clk 0:37:13]} 31. e3 {[%clk 0:13:27]} Rd6 {[%clk 0:37:04]}
32. Rc4 {[%clk 0:05:13]} Kg7 {[%clk 0:35:12]} 33. Kf1 {[%clk 0:05:23]} Rd2
{[%clk 0:29:16]} 34. Rc2 {[%clk 0:05:34]} Rd1+ {[%clk 0:25:38]} 35. Kg2
{[%clk 0:04:06]} Rd6 {[%clk 0:22:23]} 36. Rc3 {[%clk 0:04:09]} Rd2
{[%clk 0:19:37]} 37. Rc2 {[%clk 0:04:29]} Bxe3 {[%clk 0:19:44]} 38. Rxd2
{[%clk 0:04:55]} Bxd2 {[%clk 0:20:09]} 39. Bc2 {[%clk 0:04:45]} Bc1
{[%clk 0:19:40]} 40. Bxa4 {[%clk 0:35:09]} Bxb2 {[%clk 0:50:05]} 41. Be8
{[%clk 0:35:34]} Kh6 {[%clk 0:48:46]} 42. a4 {[%clk 0:32:54]} Be5
{[%clk 0:49:10]} 43. Bf7 {[%clk 0:30:40]} h4 {[%clk 0:49:00]} 44. Be6
{[%clk 0:30:49]} h3+ {[%clk 0:49:08]} 45. Kg1 {[%clk 0:30:53]} Kh5
{[%clk 0:49:26]} 46. Bf7+ {[%clk 0:31:08]} Kh4 {[%clk 0:49:49]} 47. Be6
{[%clk 0:24:56]} Bf4 {[%clk 0:50:12]} 48. Bd7 {[%clk 0:24:52]} Be5
{[%clk 0:50:38]} 49. Be6 {[%clk 0:25:17]} Bf4 1/2-1/2

[Event "WCO 2016"]
[Site "?"]
[Date "2016.09.11"]
[Round "9"]
[Board "16"]
[WhiteID "2226332"]
[White "Ibarra Jerez Jose Carlos"]
[BlackID "1612468"]
[Black "Diermair Andreas"]
[Result "1-0"]
[BlackElo "2478"]
[WhiteElo "2566"]
[LiveChessVersion "1.4.8"]

1. e4 {[%clk 1:30:46]} e5 {[%clk 1:30:51]} 2. Nf3 {[%clk 1:30:28]} Nc6
{[%clk 1:31:11]} 3. Bb5 {[%clk 1:30:13]} a6 {[%clk 1:31:30]} 4. Bxc6
{[%clk 1:29:52]} dxc6 {[%clk 1:31:54]} 5. O-O {[%clk 1:30:02]} Bg4
{[%clk 1:30:57]} 6. h3 {[%clk 1:29:54]} h5 {[%clk 1:31:16]} 7. d3
{[%clk 1:29:55]} Qf6 {[%clk 1:31:29]} 8. Nbd2 {[%clk 1:29:59]} g5
{[%clk 1:29:39]} 9. Nc4 {[%clk 1:30:14]} Bxf3 {[%clk 1:29:35]} 10. Qxf3
{[%clk 1:30:17]} Qxf3 {[%clk 1:29:32]} 11. gxf3 {[%clk 1:30:38]} f6
{[%clk 1:29:43]} 12. h4 {[%clk 1:30:51]} gxh4 {[%clk 1:27:42]} 13. f4
{[%clk 1:26:55]} b5 {[%clk 1:24:23]} 14. Na5 {[%clk 1:25:16]} exf4
{[%clk 1:24:28]} 15. Bxf4 {[%clk 1:10:37]} Kd7 {[%clk 1:22:01]} 16. Kg2
{[%clk 0:59:54]} Ne7 {[%clk 0:50:50]} 17. Kh3 {[%clk 0:54:49]} Ng6
{[%clk 0:44:32]} 18. Bh2 {[%clk 0:52:41]} Bd6 {[%clk 0:44:03]} 19. f4
{[%clk 0:39:49]} Rhg8 {[%clk 0:42:19]} 20. Nb3 {[%clk 0:35:12]} c5
{[%clk 0:41:05]} 21. a4 {[%clk 0:27:22]} Rae8 {[%clk 0:40:13]} 22. Nd2
{[%clk 0:23:06]} Ref8 {[%clk 0:27:40]} 23. axb5 {[%clk 0:20:16]} axb5
{[%clk 0:28:05]} 24. Ra5 {[%clk 0:20:08]} Kc6 {[%clk 0:24:01]} 25. c4
{[%clk 0:19:43]} b4 {[%clk 0:15:46]} 26. Nb3 {[%clk 0:18:05]} Ra8
{[%clk 0:13:54]} 27. e5 {[%clk 0:14:02]} fxe5 {[%clk 0:12:49]} 28. fxe5
{[%clk 0:14:14]} Be7 {[%clk 0:11:49]} 29. Rb5 {[%clk 0:12:55]} Rab8
{[%clk 0:07:01]} 30. Ra5 {[%clk 0:08:54]} Ra8 {[%clk 0:04:22]} 31. Rb5
{[%clk 0:08:47]} Rab8 {[%clk 0:04:46]} 32. Rxb8 {[%clk 0:06:19]} Rxb8
{[%clk 0:05:14]} 33. Rf7 {[%clk 0:06:32]} Rg8 {[%clk 0:03:58]} 34. d4
{[%clk 0:05:39]} cxd4 {[%clk 0:03:57]} 35. Nxd4+ {[%clk 0:05:58]} Kc5
{[%clk 0:02:46]} 36. Nf5 {[%clk 0:06:19]} Bd8 {[%clk 0:02:09]} 37. b3
{[%clk 0:05:01]} Re8 {[%clk 0:02:13]} 38. Ng7 {[%clk 0:04:16]} Rg8
{[%clk 0:00:35]} 39. Ne6+ {[%clk 0:04:31]} Kb6 {[%clk 0:00:32]} 40. Nxd8
{[%clk 0:34:38]} Rxd8 {[%clk 0:30:34]} 41. Rf6+ {[%clk 0:33:49]} Kb7
{[%clk 0:26:47]} 42. Rxg6 {[%clk 0:33:52]} Rd3+ {[%clk 0:27:13]} 43. Kxh4
{[%clk 0:31:37]} Rxb3 {[%clk 0:27:34]} 44. Rg2 {[%clk 0:24:46]} Rc3
{[%clk 0:24:16]} 45. Re2 {[%clk 0:23:52]} b3 {[%clk 0:22:00]} 46. e6
{[%clk 0:22:05]} Rxc4+ {[%clk 0:21:23]} 47. Kxh5 {[%clk 0:21:15]} Rb4
{[%clk 0:20:11]} 48. e7 {[%clk 0:19:31]} b2 {[%clk 0:20:29]} 49. Rxb2
{[%clk 0:18:43]} Rxb2 {[%clk 0:20:57]} 50. Be5 {[%clk 0:18:56]} 1-0

[Event "WCO 2016"]
[Site "?"]
[Date "2016.09.11"]
[Round "9"]
[Board "17"]
[WhiteID "1910850"]
[White "Ferreira Jorge Viterbo"]
[BlackID "2300087"]
[Black "Stefansson Hannes"]
[Result "1/2-1/2"]
[BlackElo "2574"]
[WhiteElo "2511"]
[LiveChessVersion "1.4.8"]

1. Nf3 {[%clk 1:30:56]} Nf6 {[%clk 1:30:16]} 2. c4 {[%clk 1:31:08]} b6
{[%clk 1:29:09]} 3. g3 {[%clk 1:31:11]} Bb7 {[%clk 1:29:23]} 4. Bg2
{[%clk 1:31:28]} g6 {[%clk 1:29:23]} 5. d4 {[%clk 1:31:10]} Bg7 {[%clk 1:29:30]}
6. O-O {[%clk 1:31:04]} O-O {[%clk 1:29:29]} 7. Re1 {[%clk 1:29:21]} e6
{[%clk 1:27:02]} 8. Nc3 {[%clk 1:29:05]} Ne4 {[%clk 1:25:07]} 9. Nxe4
{[%clk 1:25:13]} Bxe4 {[%clk 1:25:24]} 10. Bg5 {[%clk 1:25:17]} Qc8
{[%clk 1:24:25]} 11. Qd2 {[%clk 1:19:20]} d6 {[%clk 1:23:20]} 12. Qf4
{[%clk 1:05:54]} f5 {[%clk 1:21:09]} 13. Bh6 {[%clk 1:03:14]} Qd7
{[%clk 1:16:09]} 14. Bxg7 {[%clk 0:57:26]} Kxg7 {[%clk 1:16:01]} 15. Ng5
{[%clk 0:28:39]} Bxg2 {[%clk 1:14:55]} 16. Kxg2 {[%clk 0:27:52]} h6
{[%clk 1:13:47]} 17. Nf3 {[%clk 0:23:50]} g5 {[%clk 1:09:42]} 18. Qe3
{[%clk 0:19:26]} Nc6 {[%clk 1:05:42]} 19. d5 {[%clk 0:19:05]} Nd8
{[%clk 1:06:04]} 20. dxe6 {[%clk 0:10:03]} Nxe6 {[%clk 1:05:56]} 21. Nd4
{[%clk 0:10:16]} Rae8 {[%clk 1:05:46]} 22. Nxe6+ {[%clk 0:09:44]} Qxe6
{[%clk 1:05:30]} 23. Qxe6 {[%clk 0:08:50]} Rxe6 {[%clk 1:05:54]} 24. e3
{[%clk 0:09:03]} Rfe8 {[%clk 1:04:06]} 25. Kf1 {[%clk 0:07:08]} Kf6
{[%clk 1:04:01]} 26. Rad1 {[%clk 0:07:02]} Re4 {[%clk 1:03:28]} 27. b3
{[%clk 0:06:10]} h5 {[%clk 1:01:00]} 28. Rd5 {[%clk 0:05:38]} h4 {[%clk 1:00:27]}
29. Red1 {[%clk 0:05:52]} a5 {[%clk 0:58:40]} 30. R5d4 {[%clk 0:06:02]} Kg6
{[%clk 0:58:36]} 1/2-1/2

[Event "WCO 2016"]
[Site "?"]
[Date "2016.09.11"]
[Round "9"]
[Board "18"]
[WhiteID "2302241"]
[White "Gretarsson Hjorvar Steinn"]
[BlackID "1900030"]
[Black "Damaso Rui"]
[Result "1/2-1/2"]
[BlackElo "2444"]
[WhiteElo "2547"]
[LiveChessVersion "1.4.8"]

1. d4 {[%clk 1:30:56]} d6 {[%clk 1:30:31]} 2. Nf3 {[%clk 1:31:04]} Nf6
{[%clk 1:30:25]} 3. c4 {[%clk 1:31:24]} g6 {[%clk 1:30:51]} 4. g3
{[%clk 1:30:23]} Bg7 {[%clk 1:29:48]} 5. Bg2 {[%clk 1:30:45]} O-O
{[%clk 1:30:06]} 6. O-O {[%clk 1:31:00]} Nbd7 {[%clk 1:29:16]} 7. Nc3
{[%clk 1:31:02]} e5 {[%clk 1:29:13]} 8. h3 {[%clk 1:30:36]} exd4 {[%clk 1:23:00]}
9. Nxd4 {[%clk 1:30:58]} Nb6 {[%clk 1:21:48]} 10. b3 {[%clk 1:28:29]} d5
{[%clk 1:15:49]} 11. Ba3 {[%clk 1:16:06]} Re8 {[%clk 1:07:13]} 12. c5
{[%clk 1:10:18]} Nbd7 {[%clk 1:07:23]} 13. c6 {[%clk 1:01:23]} Nb6
{[%clk 0:56:58]} 14. Rc1 {[%clk 0:58:43]} bxc6 {[%clk 0:49:00]} 15. Nxc6
{[%clk 0:58:04]} Qd7 {[%clk 0:49:23]} 16. Nb5 {[%clk 0:49:48]} Bb7
{[%clk 0:39:53]} 17. Nbd4 {[%clk 0:43:46]} a5 {[%clk 0:36:33]} 18. Qc2
{[%clk 0:27:01]} Ne4 {[%clk 0:35:37]} 19. e3 {[%clk 0:26:04]} a4 {[%clk 0:24:42]}
20. Bb4 {[%clk 0:25:48]} axb3 {[%clk 0:24:41]} 21. axb3 {[%clk 0:26:09]} Nc8
{[%clk 0:15:46]} 22. Rfd1 {[%clk 0:24:07]} Ncd6 {[%clk 0:15:18]} 23. Be1
{[%clk 0:22:37]} Ra3 {[%clk 0:09:09]} 24. Na5 {[%clk 0:08:44]} c5
{[%clk 0:09:08]} 25. Ne2 {[%clk 0:08:19]} Ba8 {[%clk 0:07:00]} 26. b4
{[%clk 0:05:46]} Rc8 {[%clk 0:05:10]} 27. Qb1 {[%clk 0:04:18]} Ra1
{[%clk 0:04:19]} 28. Qb3 {[%clk 0:03:46]} Rxc1 {[%clk 0:04:11]} 29. Rxc1
{[%clk 0:03:58]} c4 {[%clk 0:02:50]} 30. Qc2 {[%clk 0:04:00]} c3 {[%clk 0:02:02]}
31. Qd3 {[%clk 0:01:53]} Qa4 {[%clk 0:01:45]} 32. f3 {[%clk 0:00:41]} Qxb4
{[%clk 0:01:24]} 33. fxe4 {[%clk 0:00:57]} Qxa5 {[%clk 0:00:55]} 34. exd5
{[%clk 0:00:37]} Qb5 {[%clk 0:01:06]} 35. Qxb5 {[%clk 0:00:43]} Nxb5
{[%clk 0:01:32]} 36. d6 {[%clk 0:00:51]} Bxg2 {[%clk 0:01:35]} 37. d7
{[%clk 0:01:04]} Rd8 {[%clk 0:02:01]} 38. Kxg2 {[%clk 0:01:21]} Rxd7
{[%clk 0:01:53]} 39. Nxc3 {[%clk 0:01:21]} Bxc3 {[%clk 0:01:34]} 40. Bxc3
{[%clk 0:31:44]} Nxc3 1/2-1/2

[Event "WCO 2016"]
[Site "?"]
[Date "2016.09.11"]
[Round "9"]
[Board "19"]
[WhiteID "1900021"]
[White "Fernandes Antonio"]
[BlackID "2300044"]
[Black "Hjartarson Johann"]
[Result "1-0"]
[BlackElo "2545"]
[WhiteElo "2413"]
[LiveChessVersion "1.4.8"]

1. d4 {[%clk 1:30:51]} Nf6 {[%clk 1:30:46]} 2. c4 {[%clk 1:31:04]} g6
{[%clk 1:30:51]} 3. Nf3 {[%clk 1:30:37]} Bg7 {[%clk 1:31:05]} 4. g3
{[%clk 1:30:54]} O-O {[%clk 1:31:23]} 5. Bg2 {[%clk 1:31:08]} d6 {[%clk 1:31:39]}
6. O-O {[%clk 1:31:23]} Nbd7 {[%clk 1:31:59]} 7. Nc3 {[%clk 1:29:05]} e5
{[%clk 1:32:14]} 8. b3 {[%clk 1:27:53]} Re8 {[%clk 1:27:39]} 9. Bb2
{[%clk 0:39:56]} c6 {[%clk 1:17:11]} 10. Rc1 {[%clk 0:32:31]} a6 {[%clk 1:13:19]}
11. e4 {[%clk 0:29:11]} exd4 {[%clk 1:06:05]} 12. Nxd4 {[%clk 0:29:39]} Rb8
{[%clk 1:05:56]} 13. Re1 {[%clk 0:28:57]} c5 {[%clk 0:56:10]} 14. Nf3
{[%clk 0:22:30]} b5 {[%clk 0:49:30]} 15. cxb5 {[%clk 0:14:22]} axb5
{[%clk 0:49:42]} 16. Qxd6 {[%clk 0:14:36]} b4 {[%clk 0:47:52]} 17. Na4
{[%clk 0:08:54]} Nxe4 {[%clk 0:45:32]} 18. Qd3 {[%clk 0:02:37]} Bxb2
{[%clk 0:45:07]} 19. Nxb2 {[%clk 0:03:06]} Bb7 {[%clk 0:36:38]} 20. Na4
{[%clk 0:03:27]} Bc6 {[%clk 0:35:35]} 21. Nd2 {[%clk 0:02:21]} Bb5
{[%clk 0:33:32]} 22. Nc4 {[%clk 0:02:47]} Ndf6 {[%clk 0:30:03]} 23. Qxd8
{[%clk 0:00:46]} Rbxd8 {[%clk 0:30:16]} 24. f3 {[%clk 0:01:09]} Bxa4
{[%clk 0:11:24]} 25. fxe4 {[%clk 0:01:38]} Bc6 {[%clk 0:10:42]} 26. e5
{[%clk 0:01:45]} Bxg2 {[%clk 0:11:00]} 27. Kxg2 {[%clk 0:01:32]} Nd7
{[%clk 0:11:16]} 28. Rcd1 {[%clk 0:01:39]} Nf8 {[%clk 0:10:52]} 29. Kf3
{[%clk 0:00:31]} Ra8 {[%clk 0:10:18]} 30. Rd2 {[%clk 0:00:31]} Ra6
{[%clk 0:10:03]} 31. Nd6 {[%clk 0:00:32]} Rea8 {[%clk 0:09:58]} 32. Ree2
{[%clk 0:00:34]} Ne6 {[%clk 0:09:50]} 33. Ke4 {[%clk 0:00:53]} R8a7
{[%clk 0:05:52]} 34. h4 {[%clk 0:01:08]} h5 {[%clk 0:05:42]} 35. Rf2
{[%clk 0:01:34]} Nd4 {[%clk 0:04:01]} 36. Kd5 {[%clk 0:01:44]} Ne6
{[%clk 0:04:14]} 37. Rf6 {[%clk 0:01:42]} Re7 {[%clk 0:03:04]} 38. Rdf2
{[%clk 0:01:53]} Nd8 {[%clk 0:02:22]} 39. Kxc5 {[%clk 0:00:32]} Rxe5+
{[%clk 0:02:22]} 40. Kxb4 {[%clk 0:30:56]} Nc6+ {[%clk 0:30:39]} 41. Kc4
{[%clk 0:27:25]} Na5+ {[%clk 0:27:57]} 42. Kc3 {[%clk 0:23:34]} Re3+
{[%clk 0:23:38]} 43. Kb2 {[%clk 0:23:26]} Rxg3 {[%clk 0:22:11]} 44. Rxf7
{[%clk 0:23:45]} Ra8 {[%clk 0:20:48]} 45. Ne4 {[%clk 0:13:59]} Rg2
{[%clk 0:18:16]} 46. Rc7 {[%clk 0:07:03]} Rxf2+ {[%clk 0:17:40]} 47. Nxf2
{[%clk 0:07:32]} Rf8 {[%clk 0:13:39]} 48. Nd3 {[%clk 0:07:51]} Rf6
{[%clk 0:11:14]} 49. Ne5 {[%clk 0:06:18]} Re6 {[%clk 0:10:57]} 50. Rc5
{[%clk 0:06:23]} Nb7 {[%clk 0:10:34]} 51. Rc8+ {[%clk 0:06:48]} Kg7
{[%clk 0:10:49]} 52. Rc7+ {[%clk 0:07:17]} Kg8 {[%clk 0:11:00]} 53. Rxb7
{[%clk 0:05:23]} Rxe5 {[%clk 0:11:19]} 54. a4 {[%clk 0:05:34]} g5
{[%clk 0:09:39]} 55. Rb5 {[%clk 0:04:09]} Re2+ {[%clk 0:09:53]} 56. Ka3
{[%clk 0:03:42]} gxh4 {[%clk 0:08:05]} 57. Rxh5 {[%clk 0:04:11]} Rh2
{[%clk 0:07:07]} 58. a5 {[%clk 0:04:39]} Rh1 {[%clk 0:06:58]} 59. Kb4
{[%clk 0:04:54]} h3 {[%clk 0:05:35]} 60. Kb5 {[%clk 0:05:17]} h2 {[%clk 0:03:47]}
61. b4 {[%clk 0:05:43]} Kg7 {[%clk 0:03:54]} 62. a6 {[%clk 0:06:07]} Kg6
{[%clk 0:03:58]} 63. Rh8 {[%clk 0:06:23]} Kg7 {[%clk 0:04:22]} 64. Rh3
{[%clk 0:06:50]} 1-0

[Event "WCO 2016"]
[Site "?"]
[Date "2016.09.11"]
[Round "9"]
[Board "20"]
[WhiteID "2301318"]
[White "Kjartansson Gudmundur"]
[BlackID "1917617"]
[Black "Sousa Andre Ventura"]
[Result "1-0"]
[BlackElo "2379"]
[WhiteElo "2442"]
[LiveChessVersion "1.4.8"]

1. d4 {[%clk 1:30:52]} Nf6 {[%clk 1:30:52]} 2. c4 {[%clk 1:31:16]} g6
{[%clk 1:31:13]} 3. Nc3 {[%clk 1:31:42]} Bg7 {[%clk 1:31:35]} 4. e4
{[%clk 1:32:05]} d6 {[%clk 1:31:59]} 5. Nf3 {[%clk 1:31:56]} O-O {[%clk 1:32:22]}
6. Be2 {[%clk 1:32:23]} e5 {[%clk 1:32:45]} 7. O-O {[%clk 1:32:48]} Nc6
{[%clk 1:33:11]} 8. d5 {[%clk 1:32:49]} Ne7 {[%clk 1:33:30]} 9. Ne1
{[%clk 1:33:03]} Nd7 {[%clk 1:33:53]} 10. Be3 {[%clk 1:33:21]} f5
{[%clk 1:34:13]} 11. f3 {[%clk 1:33:48]} f4 {[%clk 1:34:35]} 12. Bf2
{[%clk 1:34:04]} g5 {[%clk 1:34:57]} 13. Rc1 {[%clk 1:34:01]} Ng6
{[%clk 1:35:18]} 14. Nd3 {[%clk 1:33:37]} Nf6 {[%clk 1:31:23]} 15. c5
{[%clk 1:33:36]} Rf7 {[%clk 1:31:44]} 16. Kh1 {[%clk 1:32:37]} Bf8
{[%clk 1:31:06]} 17. Rg1 {[%clk 1:31:14]} Rg7 {[%clk 1:28:55]} 18. a4
{[%clk 1:05:51]} h5 {[%clk 1:17:24]} 19. g3 {[%clk 1:03:33]} fxg3
{[%clk 1:16:02]} 20. Rxg3 {[%clk 1:03:53]} g4 {[%clk 1:10:01]} 21. cxd6
{[%clk 0:50:05]} cxd6 {[%clk 0:57:14]} 22. Rg1 {[%clk 0:43:09]} gxf3
{[%clk 0:51:49]} 23. Bxf3 {[%clk 0:39:28]} Ng4 {[%clk 0:51:52]} 24. Qe2
{[%clk 0:26:53]} Be7 {[%clk 0:38:01]} 25. Nd1 {[%clk 0:23:11]} Bg5
{[%clk 0:36:13]} 26. Ne3 {[%clk 0:20:58]} Bxe3 {[%clk 0:33:33]} 27. Bxe3
{[%clk 0:21:07]} Qh4 {[%clk 0:31:40]} 28. Rg2 {[%clk 0:18:07]} Bd7
{[%clk 0:30:34]} 29. Rc7 {[%clk 0:14:08]} Rf8 {[%clk 0:29:16]} 30. Rxb7
{[%clk 0:12:55]} Rgf7 {[%clk 0:27:32]} 31. Ne1 {[%clk 0:12:26]} Qf6
{[%clk 0:23:13]} 32. Rxd7 {[%clk 0:09:00]} Rxd7 {[%clk 0:23:31]} 33. Bxg4
{[%clk 0:09:23]} hxg4 {[%clk 0:23:26]} 34. Qxg4 {[%clk 0:09:47]} Qg7
{[%clk 0:18:18]} 35. Qe6+ {[%clk 0:06:32]} Kh7 {[%clk 0:18:39]} 36. Qh3+
{[%clk 0:05:10]} Kg8 {[%clk 0:19:04]} 37. Qe6+ {[%clk 0:05:23]} Kh7
{[%clk 0:19:30]} 38. Qh3+ {[%clk 0:03:02]} Kg8 {[%clk 0:19:56]} 39. Nf3
{[%clk 0:02:45]} Re7 {[%clk 0:16:16]} 40. Nh4 {[%clk 0:31:00]} Nxh4
{[%clk 0:31:17]} 41. Qxh4 {[%clk 0:28:06]} Qxg2+ {[%clk 0:31:43]} 42. Kxg2
{[%clk 0:28:28]} Rg7+ {[%clk 0:32:11]} 43. Bg5 {[%clk 0:28:04]} Rf4
{[%clk 0:32:36]} 44. Qh5 {[%clk 0:27:33]} Rxe4 {[%clk 0:32:09]} 45. h4
{[%clk 0:27:13]} Rf4 {[%clk 0:31:09]} 46. Qh6 {[%clk 0:25:34]} Rb4
{[%clk 0:27:10]} 47. Kh3 {[%clk 0:22:27]} Rb6 {[%clk 0:25:09]} 48. Kg4
{[%clk 0:21:57]} e4 {[%clk 0:22:08]} 49. Qe6+ {[%clk 0:21:58]} Kh7
{[%clk 0:22:26]} 50. Qxe4+ {[%clk 0:21:15]} Kg8 {[%clk 0:22:53]} 51. b4
{[%clk 0:20:53]} Rgb7 {[%clk 0:21:39]} 52. Qe8+ {[%clk 0:20:58]} Kg7
{[%clk 0:21:50]} 53. Kh5 {[%clk 0:21:02]} a5 {[%clk 0:21:45]} 54. b5
{[%clk 0:20:50]} Ra7 {[%clk 0:21:39]} 55. Be7 {[%clk 0:20:48]} Rb8
{[%clk 0:21:04]} 56. Qg6+ {[%clk 0:21:06]} 1-0